Otoño / (Record no. 1035)

MARC details
000 -LEADER
campo de control de longitud fija 00853nam a22002417a 4500
008 - DATOS DE LONGITUD FIJA--INFORMACIÓN GENERAL
campo de control de longitud fija 160827s2007 cl||||| |||| 00| 0 spa d
082 04 - NÚMERO DE LA CLASIFICACIÓN DECIMAL DEWEY
Número de clasificación 708
Número de ítem V647o
100 1# - ENTRADA PRINCIPAL--NOMBRE DE PERSONA
Nombre de persona Vicuña, Cecilia.
9 (RLIN) 5477
245 10 - MENCIÓN DEL TÍTULO
Título Otoño /
Mención de responsabilidad, etc. Cecilia Vicuña ; curaduría por Alberto Madrid Letelier ; Museo Nacional de Bellas Artes de Santiago de Chile.
246 01 - FORMA VARIANTE DEL TITULO
Título propio/Titulo breve Autumn.
250 ## - MENCION DE EDICION
Mención de edición 1a ed.
260 ## - PUBLICACIÓN, DISTRIBUCIÓN, ETC.
Lugar de publicación, distribución, etc. Santiago, Chile :
Nombre del editor, distribuidor, etc. Museo Nacional de Bellas Artes ; Gobierno de Chile,
Fecha de publicación, distribución, etc. 2007.
300 ## - DESCRIPCIÓN FÍSICA
Extensión 44 p.
Otras características físicas il. col.
653 10 - TÉRMINO DE INDIZACIÓN--NO CONTROLADO
Término no controlado Arte contemporáneo
653 10 - TÉRMINO DE INDIZACIÓN--NO CONTROLADO
Término no controlado Exhibiciones
653 10 - TÉRMINO DE INDIZACIÓN--NO CONTROLADO
Término no controlado Catálogo de exhibición
653 10 - TÉRMINO DE INDIZACIÓN--NO CONTROLADO
Término no controlado Arte - Chile
653 10 - TÉRMINO DE INDIZACIÓN--NO CONTROLADO
Término no controlado Arte sudamericano
653 10 - TÉRMINO DE INDIZACIÓN--NO CONTROLADO
Término no controlado Artistas chilenos
653 10 - TÉRMINO DE INDIZACIÓN--NO CONTROLADO
Término no controlado Instalaciones
700 1# - ENTRADA AGREGADA--NOMBRE PERSONAL
Nombre de persona Madrid Letelier, Alberto.
Término indicativo de función/relación curador.
9 (RLIN) 5478
710 1# - ENTRADA AGREGADA--NOMBRE DE ENTIDAD CORPORATIVA
Nombre de entidad corporativa o nombre de jurisdicción como elemento de entrada Museo Nacional de Bellas Artes de Santiago de Chile.
9 (RLIN) 5479
Holdings
Estatus retirado Estado de pérdida Fuente del sistema de clasificación o colocación Estado de daño No para préstamo Biblioteca de origen Biblioteca actual Ubicación en estantería Fecha de adquisición Total de préstamos Signatura topográfica completa Código de barras Visto por última vez Precio de reemplazo Tipo de ítem Koha
    Clasificación Decimal Dewey     Biblioteca LadoV Biblioteca LadoV   27/08/2016   708 V647o 004234 27/08/2016 27/08/2016 Material 01